000 00623nam a22002417a 4500
003 UA-OsUOA
001 78277
007 ta
008 20111007b un ||||| |||| 00| 0 ukr d
100 _aЛучак М.
090 _a821.162.1=162.2
_bЛ87
942 _cBK
040 _aUA-OsUOA
_bukr
_cUA-OsUOA
_dUA-OsUOA
245 _aОстанный танець
300 _a128 с.
955 _a3
041 _aukr
080 _a821.162.1=162.2
020 _a978-83-926994-5-3
260 _aПеремишль
_c2010
650 7 _a82 Література. Літературознавство
_2UDC
999 _c364591
_d364591